<?xml version="1.0" encoding="UTF-8"?>
<record
    xmlns:xsi="http://www.w3.org/2001/XMLSchema-instance"
    xsi:schemaLocation="http://www.loc.gov/MARC21/slim http://www.loc.gov/standards/marcxml/schema/MARC21slim.xsd"
    xmlns="http://www.loc.gov/MARC21/slim">

  <leader>02329nam a2200253 a 4500</leader>
  <controlfield tag="008">180618s9999    ||||||||||||||||| ||    u</controlfield>
  <datafield tag="050" ind1=" " ind2=" ">
    <subfield code="a">CTA(08)PGS/8A</subfield>
  </datafield>
  <datafield tag="110" ind1=" " ind2=" ">
    <subfield code="a">Technical Centre for Agricultural and Rural Cooperation (CTA)</subfield>
  </datafield>
  <datafield tag="245" ind1="1" ind2="0">
    <subfield code="a">Preserving green leafy vegetables and fruits</subfield>
    <subfield code="c">by Technical Centre for Agricultural and Rural Cooperation (CTA)</subfield>
  </datafield>
  <datafield tag="260" ind1=" " ind2=" ">
    <subfield code="a">Nairobi:</subfield>
  </datafield>
  <datafield tag="300" ind1=" " ind2=" ">
    <subfield code="a">6p.: ill.</subfield>
  </datafield>
  <datafield tag="490" ind1=" " ind2=" ">
    <subfield code="a">CTA Practical Guide Series, No. 8</subfield>
  </datafield>
  <datafield tag="650" ind1=" " ind2=" ">
    <subfield code="a">CANNING AND PRESERVING</subfield>
  </datafield>
  <datafield tag="650" ind1=" " ind2=" ">
    <subfield code="a">FRUITS--PRESERVATION</subfield>
  </datafield>
  <datafield tag="650" ind1=" " ind2=" ">
    <subfield code="a">VEGETABLES--PRESERVATION</subfield>
  </datafield>
  <datafield tag="995" ind1=" " ind2=" ">
    <subfield code="a">SPECIAL COLLECTIONS</subfield>
    <subfield code="e">3574</subfield>
    <subfield code="F">CBU-MAIN LIBRARY (Kitwe)</subfield>
    <subfield code="j">CTA(08)PGS/8E</subfield>
    <subfield code="M">5</subfield>
    <subfield code="U">AVAILABLE</subfield>
    <subfield code="W">Jun 18, 2018</subfield>
    <subfield code="X">Technical Centre for Agriculture and Rural Cooperation</subfield>
    <subfield code="y">B3574</subfield>
    <subfield code="Z">University Collection</subfield>
  </datafield>
  <datafield tag="995" ind1=" " ind2=" ">
    <subfield code="a">SPECIAL COLLECTIONS</subfield>
    <subfield code="e">3576</subfield>
    <subfield code="F">CBU-MAIN LIBRARY (Kitwe)</subfield>
    <subfield code="j">CTA(08)PGS/8G</subfield>
    <subfield code="M">7</subfield>
    <subfield code="U">AVAILABLE</subfield>
    <subfield code="W">Jun 18, 2018</subfield>
    <subfield code="X">Technical Centre for Agriculture and Rural Cooperation</subfield>
    <subfield code="y">B3576</subfield>
    <subfield code="Z">University Collection</subfield>
  </datafield>
  <datafield tag="995" ind1=" " ind2=" ">
    <subfield code="a">SPECIAL COLLECTIONS</subfield>
    <subfield code="e">3577</subfield>
    <subfield code="F">CBU-MAIN LIBRARY (Kitwe)</subfield>
    <subfield code="j">CTA(08)PGS/8H</subfield>
    <subfield code="M">8</subfield>
    <subfield code="U">AVAILABLE</subfield>
    <subfield code="W">Jun 18, 2018</subfield>
    <subfield code="X">Technical Centre for Agriculture and Rural Cooperation</subfield>
    <subfield code="y">B3577</subfield>
    <subfield code="Z">University Collection</subfield>
  </datafield>
  <datafield tag="995" ind1=" " ind2=" ">
    <subfield code="a">KAPASA MAKASA LIBRARY OPEN ACCESS</subfield>
    <subfield code="e">3571</subfield>
    <subfield code="F">CBU-KAPASA MAKASA LIBRARY (Chinsali)</subfield>
    <subfield code="j">CTA(08)PGS/8B</subfield>
    <subfield code="M">2</subfield>
    <subfield code="U">AVAILABLE</subfield>
    <subfield code="W">Jun 18, 2018</subfield>
    <subfield code="X">Technical Centre for Agriculture and Rural Cooperation</subfield>
    <subfield code="y">B3571</subfield>
    <subfield code="Z">Kapasa Makasa Library Open Acess Collection</subfield>
  </datafield>
  <datafield tag="995" ind1=" " ind2=" ">
    <subfield code="a">KAPASA MAKASA LIBRARY OPEN ACCESS</subfield>
    <subfield code="e">3570</subfield>
    <subfield code="F">CBU-KAPASA MAKASA LIBRARY (Chinsali)</subfield>
    <subfield code="j">CTA(08)PGS/8A</subfield>
    <subfield code="M">1</subfield>
    <subfield code="U">AVAILABLE</subfield>
    <subfield code="W">Jun 18, 2018</subfield>
    <subfield code="X">Technical Centre for Agriculture and Rural Cooperation</subfield>
    <subfield code="y">B3570</subfield>
    <subfield code="Z">Kapasa Makasa Library Open Acess Collection</subfield>
  </datafield>
  <datafield tag="995" ind1=" " ind2=" ">
    <subfield code="a">KAPASA MAKASA LIBRARY OPEN ACCESS</subfield>
    <subfield code="e">3572</subfield>
    <subfield code="F">CBU-KAPASA MAKASA LIBRARY (Chinsali)</subfield>
    <subfield code="j">CTA(08)PGS/8C</subfield>
    <subfield code="M">3</subfield>
    <subfield code="U">AVAILABLE</subfield>
    <subfield code="W">Jun 18, 2018</subfield>
    <subfield code="X">Technical Centre for Agriculture and Rural Cooperation</subfield>
    <subfield code="y">B3572</subfield>
    <subfield code="Z">Kapasa Makasa Library Open Acess Collection</subfield>
  </datafield>
  <datafield tag="995" ind1=" " ind2=" ">
    <subfield code="a">SPECIAL COLLECTIONS</subfield>
    <subfield code="e">3575</subfield>
    <subfield code="F">CBU-MAIN LIBRARY (Kitwe)</subfield>
    <subfield code="j">CTA(08)PGS/8F</subfield>
    <subfield code="M">6</subfield>
    <subfield code="U">AVAILABLE</subfield>
    <subfield code="W">Jun 18, 2018</subfield>
    <subfield code="X">Technical Centre for Agriculture and Rural Cooperation</subfield>
    <subfield code="y">B3575</subfield>
    <subfield code="Z">University Collection</subfield>
  </datafield>
  <datafield tag="995" ind1=" " ind2=" ">
    <subfield code="a">KAPASA MAKASA LIBRARY OPEN ACCESS</subfield>
    <subfield code="e">3573</subfield>
    <subfield code="F">CBU-KAPASA MAKASA LIBRARY (Chinsali)</subfield>
    <subfield code="j">CTA(08)PGS/8D</subfield>
    <subfield code="M">4</subfield>
    <subfield code="U">AVAILABLE</subfield>
    <subfield code="W">Jun 18, 2018</subfield>
    <subfield code="X">Technical Centre for Agriculture and Rural Cooperation</subfield>
    <subfield code="y">B3573</subfield>
    <subfield code="Z">Kapasa Makasa Library Open Acess Collection</subfield>
  </datafield>
  <datafield tag="999" ind1=" " ind2=" ">
    <subfield code="c">77030</subfield>
    <subfield code="d">77030</subfield>
  </datafield>
  <datafield tag="952" ind1=" " ind2=" ">
    <subfield code="0">0</subfield>
    <subfield code="1">0</subfield>
    <subfield code="2">lcc</subfield>
    <subfield code="4">0</subfield>
    <subfield code="7">0</subfield>
    <subfield code="a">001</subfield>
    <subfield code="b">001</subfield>
    <subfield code="c">University Collection</subfield>
    <subfield code="d">2023-04-25</subfield>
    <subfield code="l">0</subfield>
    <subfield code="o">CTA(08)PGS/8E</subfield>
    <subfield code="p">B3574</subfield>
    <subfield code="r">2023-04-25</subfield>
    <subfield code="t">1</subfield>
    <subfield code="w">2023-04-25</subfield>
    <subfield code="y">023</subfield>
  </datafield>
  <datafield tag="952" ind1=" " ind2=" ">
    <subfield code="0">0</subfield>
    <subfield code="1">0</subfield>
    <subfield code="2">lcc</subfield>
    <subfield code="4">0</subfield>
    <subfield code="7">0</subfield>
    <subfield code="a">001</subfield>
    <subfield code="b">001</subfield>
    <subfield code="c">University Collection</subfield>
    <subfield code="d">2023-04-25</subfield>
    <subfield code="l">0</subfield>
    <subfield code="o">CTA(08)PGS/8G</subfield>
    <subfield code="p">B3576</subfield>
    <subfield code="r">2023-04-25</subfield>
    <subfield code="t">2</subfield>
    <subfield code="w">2023-04-25</subfield>
    <subfield code="y">023</subfield>
  </datafield>
  <datafield tag="952" ind1=" " ind2=" ">
    <subfield code="0">0</subfield>
    <subfield code="1">0</subfield>
    <subfield code="2">lcc</subfield>
    <subfield code="4">0</subfield>
    <subfield code="7">0</subfield>
    <subfield code="a">001</subfield>
    <subfield code="b">001</subfield>
    <subfield code="c">University Collection</subfield>
    <subfield code="d">2023-04-25</subfield>
    <subfield code="l">0</subfield>
    <subfield code="o">CTA(08)PGS/8H</subfield>
    <subfield code="p">B3577</subfield>
    <subfield code="r">2023-04-25</subfield>
    <subfield code="t">3</subfield>
    <subfield code="w">2023-04-25</subfield>
    <subfield code="y">023</subfield>
  </datafield>
  <datafield tag="952" ind1=" " ind2=" ">
    <subfield code="0">0</subfield>
    <subfield code="1">0</subfield>
    <subfield code="2">lcc</subfield>
    <subfield code="4">0</subfield>
    <subfield code="7">0</subfield>
    <subfield code="a">001</subfield>
    <subfield code="b">001</subfield>
    <subfield code="d">2023-04-25</subfield>
    <subfield code="o">CTA(08)PGS/8F</subfield>
    <subfield code="p">B3575</subfield>
    <subfield code="r">2023-04-25</subfield>
    <subfield code="t">4</subfield>
    <subfield code="w">2023-04-25</subfield>
    <subfield code="y">023</subfield>
  </datafield>
</record>
